000 00438 a2200097 4500
082 _a620.136 ACI
100 _aMalhotra, V. M.
245 _aRepair, Rehabilitation, and Maintenance of Concrete Structures and Innovations in Design and Construction : Proceedings: Fourth International Conference
_cEditor V. M. Malhotra
260 _aMichigan :
_bAmerican Concrete Institute,
_c2000
300 _aix, 1096p. :
_bill. ;
_c23 cm
650 _aRehabilitation - concrete structures
999 _c845
_d845